La producción española en la Edad Moderna (Record no. 26414)

MARC details
000 -LEADER
campo de control de longitud fija 01000nam a2200217 i 4500
001 - NÚMERO DE CONTROL
campo de control 26414
003 - IDENTIFICADOR DE NÚMERO DE CONTROL
campo de control ES-MaACL
005 - FECHA Y HORA DE LA ÚLTIMA TRANSACCIÓN
campo de control 20240428063029.0
007 - CAMPO FIJO DE DESCRIPCIÓN FÍSICA--INFORMACIÓN GENERAL
campo de control de longitud fija t|
008 - DATOS DE LONGITUD FIJA--INFORMACIÓN GENERAL
campo de control de longitud fija 030109s1914 sp |||| | spa d
100 1# - ENTRADA PRINCIPAL--NOMBRE DE PERSONA
Nombre de persona Artiñano y Galdácano, Gervasio de,
Fechas asociadas al nombre 1873-1938
9 (RLIN) 23486
245 13 - MENCIÓN DEL TÍTULO
Título La producción española en la Edad Moderna
Resto del título : bosquejo crítico de la evolución de la industria en España desde los tiempos de los Reyes Católicos hasta mediados del siglo XIX /
Mención de responsabilidad, etc. expuesto en dos conferencias del ingeniero industrial Gervasio Artiñano y de Galdácano.
260 ## - PUBLICACIÓN, DISTRIBUCIÓN, ETC.
Lugar de publicación, distribución, etc. Madrid :
Nombre del editor, distribuidor, etc. [s.n.],
Fecha de publicación, distribución, etc. 1914 (
Fabricante Imp. J. Layunta)
300 ## - DESCRIPCIÓN FÍSICA
Extensión 63 p. ;
Dimensiones 22 cm.
594 ## - Nota al título y mención de responsabilidad
Nota al título y mención de responsabilidad Fecha de las conferencias: 24 de mayo de 1913 y 31 de enero de 1914.
594 ## - Nota al título y mención de responsabilidad
Nota al título y mención de responsabilidad Precede al tít.: Instituto de Ingenieros Civiles.
650 04 - PUNTO DE ACCESO ADICIONAL DE MATERIA--TÉRMINO DE MATERIA
Término de materia o nombre geográfico como elemento de entrada Industria-
Subdivisión geográfica España-
Subdivisión de forma Historia.
9 (RLIN) 148011
710 2# - ENTRADA AGREGADA--NOMBRE DE ENTIDAD CORPORATIVA
Nombre de entidad corporativa o nombre de jurisdicción como elemento de entrada Instituto de Ingenieros Civiles de España.
9 (RLIN) 4960
852 ## - LOCALIZACIÓN
Ubicación ES-MaACL
Número de control de estantería T-1394-F-3
Holdings
Estatus retirado Estado de pérdida Estado de daño No para préstamo Colección Biblioteca de origen Biblioteca actual Ubicación en estantería Fecha de adquisición Fuente de adquisición Total de préstamos Signatura topográfica completa Código de barras Visto por última vez Precio de reemplazo Tipo de ítem Koha
        Colección de folletos Biblioteca del Ateneo de Madrid Biblioteca del Ateneo de Madrid Depósito folletos 17/01/2008     T-1394-F-3 1027263 23/02/2023 23/02/2023 Folleto